000
00302nam a22001097a 4500
999
_c
521730
_d
521730
082
_a
TNC z1x54 Sh11
100
_a
Shah, S.Y.
_9
35899
245
_a
An Encyclopedia Of Indian Adult Education
260
_a
New Delhi
_b
National Literacy Mission
_c
1999
300
_a
365p.
650
_a
Education - India
_9
40152